[Event "Mecklenburg VP-ch U16"]
[Site "Malchow"]
[Date "2014.02.01"]
[Round "1"]
[White "Reimer, Simon"]
[Black "Goldbach, Aaron"]
[Result "0-1"]
[WhiteElo "1142"]
[BlackElo "1551"]
[PlyCount "70"]
[EventDate "2014.02.01"]
[EventType "swiss"]
[EventRounds "7"]
[EventCountry "GER"]
[SourceTitle "EXT 2017"]
[Source "ChessBase"]
[SourceDate "2016.10.25"]
[SourceVersion "1"]
[SourceVersionDate "2016.10.25"]
[SourceQuality "1"]

1. e4 c5 2. Nf3 e6 3. d4 cxd4 4. Nxd4 Nc6 5. Nc3 Qc7 6. Be3 a6 7. Be2 Nf6 8. a3 Be7 9. 0-0 0-0 10. f4 d6 11. Qd3 Rd8 12. Nxc6 bxc6 13. b4 d5 14. exd5 cxd5 15. Na4 Qc6 16. Bc5 Bxc5+ 17. Nxc5 Nd7 18. Nxd7 Bxd7 19. Rac1 Qb6+ 20. Kh1 Bb5 21. Qf3 Rac8 22. Bxb5 Qxb5 23. Rfd1 Rc4 24. g3 Rdc8 25. c3 Qc6 26. Rd3 h6 27. f5 d4 28. Qxc6 R8xc6 29. fxe6 fxe6 30. Re1 dxc3 31. Rdd1 Kf7 32. Rd7+ Ke8 33. Rxg7 c2 34. Rc1 Rd4 35. Rg6 Rd1+ 0-1

[Event "Mecklenburg VP-ch U12"]
[Site "Malchow"]
[Date "2011.02.14"]
[Round "2.6"]
[White "Reimer, Simon"]
[Black "Bollnow, Alex"]
[Result "1/2-1/2"]
[WhiteElo "911"]
[BlackElo "909"]
[PlyCount "41"]
[EventDate "2011.02.14"]
[EventType "swiss"]
[EventRounds "7"]
[EventCountry "GER"]
[SourceTitle "EXT 2022"]
[Source "ChessBase"]
[SourceDate "2021.10.06"]
[SourceVersion "1"]
[SourceVersionDate "2021.10.06"]
[SourceQuality "1"]

1. e4 c5 2. Nf3 Nc6 3. d3 g6 4. Nc3 Bg7 5. Bd2 Nf6 6. Be2 0-0 7. 0-0 d5 8. exd5 Nxd5 9. Nxd5 Qxd5 10. c4 Qd8 11. Qb3 Nd4 12. Nxd4 Qxd4 13. Bc3 Qd6 14. Bxg7 Kxg7 15. Qc3+ Qd4 16. Qxd4+ cxd4 17. Rfe1 Kg8 18. Bf3 Re8 19. Re4 e5 20. Rae1 f6 21. b3 1/2-1/2